00333nam a2200121Ia 4500008004100000041000800041082001600049100001600065245004800081250001200129260004300141650002700184230711s9999||||xx |||||||||||||| ||und|| aENG a621.3bMA-E aMarwaha,G.L 0aElectrical Electronics Engineering material a7th Ed. c2011aJalandharbEagles Prakashan Regd aElectrical Engineering